| 000 | 00404nam a2200157Ia 4500 | ||
|---|---|---|---|
| 008 | 230917s9999||||xx |||||||||||||| ||und|| | ||
| 020 | _cDM98 | ||
| 040 |
_e31461 _aMAIN |
||
| 041 | _aEnglish | ||
| 082 | _a515.7 H616E | ||
| 100 | _aHirsch, Francis | ||
| 245 | 0 | _aElements of functional analysis tr by Selvio Levy | |
| 260 |
_aNew York _bSpringer-Verlag _c1999 |
||
| 300 | _axiv, 393 p. | ||
| 942 | _cBK | ||
| 999 |
_c102934 _d102934 |
||